000
00177nam a22000857a 4500
999
_c
12819
_d
12819
082
_a
324.22
100
_a
Shahida latif
245
_a
Quaid-i-Azam ek Sawaneh ek Tarikh
942
_c
BK